[Event "Chigorin Memorial 29th"]
[Site "St Petersburg"]
[Date "2022.10.24"]
[Round "3"]
[White "Marinskii, Yurii"]
[Black "Klevets, Ksenia"]
[Result "1-0"]
[WhiteElo "2096"]
[BlackElo "1758"]
[PlyCount "91"]
[EventDate "2022.10.22"]
[EventType "swiss"]
[EventRounds "9"]
[EventCountry "RUS"]
[SourceTitle "EXT 2024"]
[Source "ChessBase"]
[SourceDate "2023.10.10"]
[SourceVersion "1"]
[SourceVersionDate "2023.10.10"]
[SourceQuality "1"]

1. e4 c5 2. Nc3 Nc6 3. g3 g6 4. Bg2 Bg7 5. d3 d6 6. f4 e6 7. Nf3 Nge7 8. 0-0 0-0 9. Be3 Nd4 10. e5 Bd7 11. Ne4 Nef5 12. Bf2 Nxf3+ 13. Bxf3 dxe5 14. Bxc5 exf4 15. Bxf8 Bxf8 16. Rf2 fxg3 17. hxg3 Bc6 18. g4 Nd4 19. Nf6+ Qxf6 20. Bxc6 Qe5 21. Bf3 Bc5 22. Kg2 Bd6 23. c3 Nc6 24. Bxc6 bxc6 25. Qf3 Rf8 26. Re2 Qh2+ 27. Kf1 Qh4 28. Qxc6 Qh3+ 29. Qg2 Qxd3 30. Kg1 Bc5+ 31. Kh1 f5 32. Rf1 f4 33. Qf3 Qd6 34. Kg2 e5 35. b4 Bb6 36. Qe4 Qd7 37. Kf3 Rc8 38. c4 Bd4 39. c5 Kg7 40. Rh1 Qa4 41. Qb7+ Kf6 42. Qxc8 Qa3+ 43. Ke4 Qxb4 44. Qd8+ Ke6 45. Qd6+ Kf7 46. Rxh7+ 1-0

[Event "Chigorin Memorial 29th"]
[Site "St Petersburg"]
[Date "2022.10.23"]
[Round "2"]
[White "Klevets, Ksenia"]
[Black "Belyaeva, Natalya"]
[Result "1-0"]
[WhiteElo "1758"]
[BlackElo "1369"]
[PlyCount "59"]
[EventDate "2022.10.22"]
[EventType "swiss"]
[EventRounds "9"]
[EventCountry "RUS"]
[SourceTitle "EXT 2024"]
[Source "ChessBase"]
[SourceDate "2023.10.10"]
[SourceVersion "1"]
[SourceVersionDate "2023.10.10"]
[SourceQuality "1"]

1. e4 c6 2. d4 d5 3. exd5 cxd5 4. Bd3 Nc6 5. c3 Nf6 6. h3 Qc7 7. Ne2 e5 8. dxe5 Nxe5 9. Bb5+ Nc6 10. 0-0 Bd6 11. Bg5 Ne4 12. Qxd5 Nxg5 13. Qxg5 0-0 14. Nd2 a6 15. Bxc6 bxc6 16. Ne4 Be7 17. Qg3 Qb6 18. b3 Bf5 19. Qf4 Bg6 20. Nd4 Rad8 21. Nf5 Ba3 22. Rad1 Qa5 23. Nd4 Qb6 24. Rfe1 Rfe8 25. Ng3 Qc5 26. Qf3 Bb2 27. Qxc6 Qxc6 28. Nxc6 Rxd1 29. Rxd1 Bc2 30. Rd2 1-0

[Event "Chigorin Memorial 28th"]
[Site "St Petersburg"]
[Date "2021.10.23"]
[Round "1"]
[White "Ibadov, Dashgyn"]
[Black "Klevets, Ksenia"]
[Result "1-0"]
[WhiteElo "2249"]
[BlackElo "1802"]
[PlyCount "69"]
[EventDate "2021.10.23"]
[EventType "swiss"]
[EventRounds "9"]
[EventCountry "RUS"]
[SourceTitle "EXT 2023"]
[Source "ChessBase"]
[SourceDate "2022.10.05"]
[SourceVersion "1"]
[SourceVersionDate "2022.10.05"]
[SourceQuality "1"]

1. e4 c5 2. Nf3 Nc6 3. Bb5 g6 4. 0-0 Bg7 5. c3 Nf6 6. Re1 0-0 7. d4 cxd4 8. cxd4 d5 9. e5 Ne4 10. Bxc6 bxc6 11. Be3 Qb6 12. Qc1 Rb8 13. b3 Bd7 14. Nc3 Nxc3 15. Qxc3 a5 16. Bf4 Rb7 17. Qe3 a4 18. bxa4 Ra8 19. Bh6 Rxa4 20. h3 Qa7 21. a3 Qb8 22. Qf4 c5 23. Bxg7 Kxg7 24. Qg5 Be6 25. dxc5 Qa7 26. Rac1 Rxa3 27. Nd4 Rb2 28. Re3 Rxe3 29. Qxe3 Qc7 30. Qc3 Ra2 31. c6 Ra4 32. Qc5 Ra5 33. Nxe6+ fxe6 34. Qxa5 Qxa5 35. c7 1-0

[Event "Moscow op (Women) 16th"]
[Site "Moscow"]
[Date "2020.02.01"]
[Round "8"]
[White "Levicheva, Ekaterina"]
[Black "Klevets, Ksenia"]
[Result "1/2-1/2"]
[WhiteElo "2012"]
[BlackElo "1843"]
[PlyCount "80"]
[EventDate "2020.01.25"]
[EventType "swiss"]
[EventRounds "9"]
[EventCountry "RUS"]
[SourceTitle "CBM 194 Extra"]
[Source "ChessBase"]
[SourceDate "2020.03.31"]
[SourceVersion "1"]
[SourceVersionDate "2020.03.31"]
[SourceQuality "1"]

1. e4 c5 2. Nf3 Nc6 3. d4 cxd4 4. Nxd4 g6 5. c4 Bg7 6. Be3 Nf6 7. Nc3 d6 8. Be2 0-0 9. Qd2 Ng4 10. Bxg4 Bxg4 11. f3 Bd7 12. 0-0 a6 13. Nd5 Nxd4 14. Bxd4 Bxd4+ 15. Qxd4 Rc8 16. e5 dxe5 17. Qxe5 Be6 18. Rac1 Bxd5 19. cxd5 Qb6+ 20. Kh1 Qd6 21. Qxd6 exd6 22. Kg1 Rfe8 23. Kf2 Kg7 24. g3 Rc5 25. Rfd1 Kf6 26. b4 Rb5 27. Rd4 a5 28. a3 axb4 29. axb4 Ra8 30. h4 Ke5 31. Rcd1 Ra2+ 32. Ke3 Ra3+ 33. Kf2 Rb3 34. Re4+ Kf6 35. Rdd4 h6 36. g4 g5 37. h5 Rb2+ 38. Kg3 Rb3 39. Kg2 Rb2+ 40. Kg3 Rb3 1/2-1/2

[Event "Moscow op (Women) 16th"]
[Site "Moscow"]
[Date "2020.01.28"]
[Round "4"]
[White "Kalashnikova, Ekaterina"]
[Black "Klevets, Ksenia"]
[Result "0-1"]
[WhiteElo "1589"]
[BlackElo "1843"]
[PlyCount "62"]
[EventDate "2020.01.25"]
[EventType "swiss"]
[EventRounds "9"]
[EventCountry "RUS"]
[SourceTitle "CBM 194 Extra"]
[Source "ChessBase"]
[SourceDate "2020.03.31"]
[SourceVersion "1"]
[SourceVersionDate "2020.03.31"]
[SourceQuality "1"]

1. e4 c5 2. Nf3 Nc6 3. d4 cxd4 4. Nxd4 g6 5. Be3 Bg7 6. Nc3 Nf6 7. Be2 0-0 8. Qd2 d5 9. exd5 Nxd5 10. Nxd5 Nxd4 11. Nxe7+ Qxe7 12. Bxd4 Bxd4 13. Qxd4 Bf5 14. Kf1 Rfe8 15. Bg4 Rad8 16. Qc4 Rc8 17. Qf4 Bxg4 18. Qxg4 Rxc2 19. h4 Qe2+ 20. Qxe2 Rexe2 21. f3 Rxb2 22. a3 Rxg2 23. Ke1 Ra2 24. Rxa2 Rxa2 25. Rg1 Ra1+ 26. Kf2 Rxg1 27. Kxg1 Kg7 28. Kf2 Kf6 29. Ke3 Ke5 30. f4+ Kf5 31. Kf3 b5 0-1

[Event "Moscow op (Women) 16th"]
[Site "Moscow"]
[Date "2020.01.25"]
[Round "1"]
[White "Klevets, Ksenia"]
[Black "Potapova, Margarita"]
[Result "0-1"]
[WhiteElo "1843"]
[BlackElo "2300"]
[PlyCount "68"]
[EventDate "2020.01.25"]
[EventType "swiss"]
[EventRounds "9"]
[EventCountry "RUS"]
[SourceTitle "CBM 194 Extra"]
[Source "ChessBase"]
[SourceDate "2020.03.31"]
[SourceVersion "1"]
[SourceVersionDate "2020.03.31"]
[SourceQuality "1"]

1. e4 c5 2. Nf3 d6 3. d4 cxd4 4. Qxd4 Nc6 5. Bb5 Bd7 6. Qd3 g6 7. c4 Bg7 8. Nc3 Nf6 9. h3 0-0 10. 0-0 a6 11. Bxc6 Bxc6 12. Be3 Nd7 13. Rac1 Nc5 14. Qb1 Bxc3 15. Bxc5 Bxb2 16. Qxb2 dxc5 17. Qe5 Qd6 18. Rfd1 Qxe5 19. Nxe5 Bxe4 20. Nd7 Rfd8 21. Nxc5 Bc6 22. Rb1 Kf8 23. f3 Rxd1+ 24. Rxd1 Rc8 25. Nb3 Ba4 26. Rd4 b6 27. Kf2 e5 28. Rd6 Rxc4 29. Rxb6 Rc2+ 30. Kg3 Bb5 31. Na5 Bf1 32. Nc6 Rxg2+ 33. Kh4 e4 34. fxe4 Be2 0-1

[Event "Chigorin Memorial 27th"]
[Site "St Petersburg"]
[Date "2019.10.07"]
[Round "3"]
[White "Klevets, Ksenia"]
[Black "Babanin, Gleb"]
[Result "0-1"]
[WhiteElo "1842"]
[BlackElo "2119"]
[PlyCount "118"]
[EventDate "2019.10.05"]
[EventType "swiss"]
[EventRounds "9"]
[EventCountry "RUS"]
[SourceTitle "EXT 2020"]
[Source "ChessBase"]
[SourceDate "2019.10.17"]
[SourceVersion "1"]
[SourceVersionDate "2019.10.17"]
[SourceQuality "1"]

1. e4 c5 2. Nf3 Nf6 3. Nc3 d5 4. exd5 Nxd5 5. Bb5+ Bd7 6. Bxd7+ Qxd7 7. 0-0 Nc6 8. d3 e6 9. Re1 Be7 10. Nxd5 Qxd5 11. Bf4 Bf6 12. Rb1 Qxa2 13. Ne5 Qa4 14. Nc4 0-0 15. Bd6 Be7 16. Ra1 Qb5 17. Bxe7 Nxe7 18. Ra5 Qc6 19. Qa1 a6 20. Ne5 Qc7 21. Qa3 Rac8 22. h3 Rfd8 23. Ra4 Rd5 24. Rae4 Nc6 25. Qc3 Nxe5 26. Rxe5 Rxe5 27. Rxe5 Qd6 28. b4 Qd4 29. Qxd4 cxd4 30. Re4 Rd8 31. Kf1 Kf8 32. Ke2 Ke7 33. Kd2 Rd5 34. c3 dxc3+ 35. Kxc3 Kd7 36. f4 a5 37. bxa5 Rxa5 38. g4 Ra3+ 39. Kd2 b5 40. f5 Ra2+ 41. Kc3 Ra3+ 42. Kd2 Ra6 43. fxe6+ Rxe6 44. Rf4 Ke7 45. Rf3 Rf6 46. Re3+ Kd6 47. Kc3 Kd5 48. Kb4 Kd4 49. Re7 Kxd3 50. Kxb5 Rf3 51. Kc5 g6 52. Kd5 h5 53. gxh5 gxh5 54. Re5 h4 55. Rh5 Rxh3 56. Rf5 Ke2 57. Rxf7 Rf3 58. Rh7 h3 59. Ke4 Kf2 0-1

[Event "Chigorin Memorial 26th"]
[Site "St Petersburg"]
[Date "2018.10.28"]
[Round "2"]
[White "Klevets, Ksenia"]
[Black "Frolov, Alexander G"]
[Result "1-0"]
[WhiteElo "1834"]
[BlackElo "2086"]
[PlyCount "93"]
[EventDate "2018.10.27"]
[EventType "swiss"]
[EventRounds "9"]
[EventCountry "RUS"]
[SourceTitle "CBM 187 Extra"]
[Source "ChessBase"]
[SourceDate "2018.11.04"]
[SourceVersion "1"]
[SourceVersionDate "2018.11.04"]
[SourceQuality "1"]

1. d4 Nf6 2. Bf4 g6 3. e3 d5 4. Nd2 Bg7 5. Ngf3 0-0 6. Be2 c5 7. c3 Nfd7 8. 0-0 Nc6 9. Qb3 c4 10. Qd1 Re8 11. e4 e6 12. h3 b5 13. a3 Bb7 14. e5 a5 15. Nh2 b4 16. Ng4 bxc3 17. bxc3 Qe7 18. a4 h5 19. Nh2 Reb8 20. Nhf3 Bc8 21. Qc2 Rb6 22. Ng5 Rab8 23. Ra2 Nf8 24. Ndf3 Qb7 25. Bc1 Bd7 26. g4 hxg4 27. hxg4 Be8 28. Bd1 Nh7 29. Nxh7 Kxh7 30. Ng5+ Kg8 31. f4 Ne7 32. Qh2 Rb1 33. Bc2 Rb6 34. Nh7 Bc6 35. f5 exf5 36. gxf5 gxf5 37. Nf6+ Kf8 38. Bh6 Ng6 39. Bxg7+ Kxg7 40. Qh7+ Kf8 41. Bxf5 Nxe5 42. dxe5 Qa7 43. Raf2 Rb2 44. e6 R8b7 45. Qg8+ Ke7 46. exf7 Rb8 47. Re1+ 1-0

[Event "Voronezh op-B 22nd"]
[Site "Voronezh"]
[Date "2018.06.17"]
[Round "6"]
[White "Shushunov, Aleksei"]
[Black "Klevets, Ksenia"]
[Result "1-0"]
[WhiteElo "1429"]
[BlackElo "1844"]
[PlyCount "49"]
[EventDate "2018.06.12"]
[EventType "swiss"]
[EventRounds "9"]
[EventCountry "RUS"]
[SourceTitle "CBM 185 Extra"]
[Source "ChessBase"]
[SourceDate "2018.07.29"]
[SourceVersion "1"]
[SourceVersionDate "2018.07.29"]
[SourceQuality "1"]

1. Nf3 d5 2. g3 Nf6 3. Bg2 c6 4. 0-0 Bf5 5. d4 h6 6. c4 e6 7. Nc3 Bd6 8. Qb3 Qc8 9. Nd2 Nbd7 10. e4 dxe4 11. Ndxe4 Nxe4 12. Nxe4 Bxe4 13. Bxe4 Nf6 14. Bg2 0-0 15. Bd2 Rd8 16. Bc3 Be7 17. Rad1 Qc7 18. Rfe1 Rd7 19. Rd2 Rad8 20. Red1 Qb6 21. Qa4 Kh8 22. c5 Qb5 23. Qxa7 Nd5 24. Bf1 b6 25. Qa3 1-0

[Event "Voronezh op-B 22nd"]
[Site "Voronezh"]
[Date "2018.06.16"]
[Round "5"]
[White "Klevets, Ksenia"]
[Black "Chuprik, Ilya"]
[Result "1-0"]
[WhiteElo "1844"]
[BlackElo "1650"]
[PlyCount "80"]
[EventDate "2018.06.12"]
[EventType "swiss"]
[EventRounds "9"]
[EventCountry "RUS"]
[SourceTitle "CBM 185 Extra"]
[Source "ChessBase"]
[SourceDate "2018.07.29"]
[SourceVersion "1"]
[SourceVersionDate "2018.07.29"]
[SourceQuality "1"]

1. e4 c6 2. d4 d5 3. Nd2 dxe4 4. Nxe4 Nf6 5. Nxf6+ exf6 6. Be3 Bd6 7. Nf3 Bg4 8. Be2 Qc7 9. h3 Bh5 10. c3 Nd7 11. Nd2 Bg6 12. Nc4 Bf4 13. Qd2 Bd6 14. Nxd6+ Qxd6 15. Bf4 Qe7 16. 0-0 0-0 17. Rfe1 Qd8 18. c4 f5 19. Qb4 Qb6 20. Qxb6 axb6 21. a4 Rfe8 22. f3 Nf6 23. Kf2 Nh5 24. Bc7 f4 25. Ra3 Bc2 26. Bd1 Rxe1 27. Kxe1 Re8+ 28. Kd2 Bxd1 29. Kxd1 g5 30. Bxb6 Ng3 31. d5 cxd5 32. cxd5 Re7 33. Rd3 Rd7 34. b4 f5 35. b5 Nf1 36. Ke2 Ne3 37. Bxe3 fxe3 38. Kxe3 Kf7 39. Kd4 b6 40. Re3 Kf6 1-0

[Event "St Petersburg-ch (Women)"]
[Site "St Petersburg"]
[Date "2018.03.25"]
[Round "7"]
[White "Klevets, Ksenia"]
[Black "Mamontova, Anastasia"]
[Result "0-1"]
[WhiteElo "1840"]
[BlackElo "2058"]
[PlyCount "32"]
[EventDate "2018.03.19"]
[EventType "swiss"]
[EventRounds "9"]
[EventCountry "RUS"]
[SourceTitle "CBM 183 Extra"]
[Source "ChessBase"]
[SourceDate "2018.04.19"]
[SourceVersion "1"]
[SourceVersionDate "2018.04.19"]
[SourceQuality "1"]

1. d4 Nf6 2. Bf4 e6 3. Nd2 b6 4. e4 Bb7 5. Bd3 c5 6. c3 Nc6 7. Ngf3 cxd4 8. cxd4 Nb4 9. Bb1 Ba6 10. Qb3 Rc8 11. Kd1 Nh5 12. Be3 Qc7 13. Qc3 Qxc3 14. bxc3 Rxc3 15. e5 Nd5 16. Ne4 Nxe3+ 0-1

[Event "St Petersburg-ch (Women)"]
[Site "St Petersburg"]
[Date "2018.03.24"]
[Round "6"]
[White "Pankova, Julia"]
[Black "Klevets, Ksenia"]
[Result "1/2-1/2"]
[WhiteElo "1810"]
[BlackElo "1840"]
[PlyCount "93"]
[EventDate "2018.03.19"]
[EventType "swiss"]
[EventRounds "9"]
[EventCountry "RUS"]
[SourceTitle "CBM 183 Extra"]
[Source "ChessBase"]
[SourceDate "2018.04.19"]
[SourceVersion "1"]
[SourceVersionDate "2018.04.19"]
[SourceQuality "1"]

1. e4 c6 2. d4 d5 3. exd5 cxd5 4. Bd3 Nc6 5. c3 Qc7 6. Ne2 Bg4 7. 0-0 Nf6 8. Qe1 e6 9. f3 Bh5 10. Qh4 Ne7 11. Nf4 Bg6 12. Bxg6 Nxg6 13. Nxg6 fxg6 14. Re1 Kf7 15. Bf4 Bd6 16. Bxd6 Qxd6 17. Nd2 Rhe8 18. f4 Kg8 19. Re3 Rf8 20. Rae1 Rae8 21. g3 b5 22. a3 Rf7 23. Nf3 Rfe7 24. Ng5 h6 25. Nf3 Nd7 26. Qg4 Kh7 27. Nh4 Nf8 28. Qh3 Kg8 29. Qg4 Kh7 30. Qe2 Qd7 31. Nf3 a6 32. Ne5 Qd6 33. Qd3 Rc7 34. h4 h5 35. Nf3 Rce7 36. Ng5+ Kg8 37. Kg2 Qc7 38. Qb1 a5 39. R1e2 b4 40. axb4 axb4 41. Qe1 bxc3 42. bxc3 Qc4 43. g4 hxg4 44. Qg3 Rb7 45. Qxg4 Rb3 46. Qh3 Rc8 47. Kf2 1/2-1/2

[Event "St Petersburg-ch (Women)"]
[Site "St Petersburg"]
[Date "2018.03.22"]
[Round "4"]
[White "Golovkina, Anastasia"]
[Black "Klevets, Ksenia"]
[Result "1-0"]
[WhiteElo "2108"]
[BlackElo "1840"]
[PlyCount "69"]
[EventDate "2018.03.19"]
[EventType "swiss"]
[EventRounds "9"]
[EventCountry "RUS"]
[SourceTitle "CBM 183 Extra"]
[Source "ChessBase"]
[SourceDate "2018.04.19"]
[SourceVersion "1"]
[SourceVersionDate "2018.04.19"]
[SourceQuality "1"]

1. e4 c5 2. Nf3 Nc6 3. d4 cxd4 4. Nxd4 g6 5. Nc3 Bg7 6. Be3 Nf6 7. Bc4 Na5 8. Bb3 Nxb3 9. Nxb3 d6 10. f3 Be6 11. Qd2 a6 12. Nd4 b5 13. Nxe6 fxe6 14. Bd4 0-0 15. 0-0-0 Qa5 16. Kb1 b4 17. Ne2 Qb5 18. h4 e5 19. Be3 e6 20. Ng3 d5 21. Bh6 Ra7 22. h5 Bxh6 23. Qxh6 Rg7 24. hxg6 Rxg6 25. Qh3 Qc6 26. exd5 exd5 27. Nf5 Qc7 28. g4 d4 29. Qh2 Rc8 30. Rhe1 e4 31. Qxc7 Rxc7 32. fxe4 Rd7 33. e5 Ne8 34. e6 Rb7 35. Rxd4 1-0

[Event "St Petersburg-ch (Women)"]
[Site "St Petersburg"]
[Date "2018.03.21"]
[Round "3"]
[White "Klevets, Ksenia"]
[Black "Moskaleva, Arina"]
[Result "1-0"]
[WhiteElo "1840"]
[BlackElo "1769"]
[PlyCount "85"]
[EventDate "2018.03.19"]
[EventType "swiss"]
[EventRounds "9"]
[EventCountry "RUS"]
[SourceTitle "CBM 183 Extra"]
[Source "ChessBase"]
[SourceDate "2018.04.19"]
[SourceVersion "1"]
[SourceVersionDate "2018.04.19"]
[SourceQuality "1"]

1. d4 Nf6 2. Nf3 e6 3. Nbd2 d5 4. e3 c5 5. b3 Nc6 6. Bb2 Be7 7. a3 b6 8. Bd3 0-0 9. 0-0 a5 10. Ne5 Qc7 11. f4 Ba6 12. Bxa6 Rxa6 13. Qe2 Raa8 14. Qb5 Nxe5 15. dxe5 Nd7 16. c4 a4 17. cxd5 exd5 18. Qd3 Qc6 19. Nf3 axb3 20. Qxb3 c4 21. Nd4 Qc7 22. Qd1 Nc5 23. Bc3 Ne4 24. Bb4 Bxb4 25. axb4 Rxa1 26. Qxa1 c3 27. Qa2 Qe7 28. Qxd5 Nd2 29. Nc6 Qb7 30. Ra1 h6 31. b5 Kh8 32. Qd3 Nb3 33. Ra7 Qc8 34. Qxc3 Na5 35. Qa3 Nxc6 36. bxc6 Rd8 37. c7 Rd1+ 38. Kf2 Qg4 39. c8Q+ Qxc8 40. Ra8 Rd2+ 41. Ke1 Rc2 42. Rxc8+ Rxc8 43. Qb3 1-0

[Event "St Petersburg-ch (Women)"]
[Site "St Petersburg"]
[Date "2018.03.19"]
[Round "1"]
[White "Klevets, Ksenia"]
[Black "Azimova, Karina"]
[Result "0-1"]
[WhiteElo "1840"]
[BlackElo "2094"]
[PlyCount "98"]
[EventDate "2018.03.19"]
[EventType "swiss"]
[EventRounds "9"]
[EventCountry "RUS"]
[SourceTitle "CBM 183 Extra"]
[Source "ChessBase"]
[SourceDate "2018.04.19"]
[SourceVersion "1"]
[SourceVersionDate "2018.04.19"]
[SourceQuality "1"]

1. d4 Nf6 2. Nf3 d6 3. Nbd2 Bf5 4. Nh4 Bd7 5. e4 e5 6. Nhf3 exd4 7. Nxd4 Nc6 8. Nxc6 Bxc6 9. Bd3 Be7 10. 0-0 0-0 11. b3 Nd7 12. Bb2 Bf6 13. Bxf6 Qxf6 14. Qe2 Rae8 15. Bb5 d5 16. Bxc6 Qxc6 17. exd5 Qxc2 18. Qd1 Qxd1 19. Rfxd1 Nb6 20. Nc4 Nxc4 21. bxc4 Re2 22. Kf1 Rfe8 23. Re1 Rxe1+ 24. Rxe1 Kf8 25. Rb1 b6 26. c5 Re5 27. cxb6 cxb6 28. Rb5 Ke7 29. f4 Re4 30. g3 Kd6 31. Kf2 Rd4 32. Ke3 Rxd5 33. Rb2 f5 34. Rc2 Kd7 35. Rc3 g6 36. Ra3 a5 37. Rc3 h5 38. Rc2 Rd6 39. h3 Rc6 40. Rd2+ Kc7 41. Rd3 b5 42. Rb3 Kb6 43. Kd4 a4 44. Rb2 Rc4+ 45. Ke5 Rc3 46. Rg2 b4 47. Kd4 Kb5 48. Ke5 b3 49. axb3 axb3 0-1

[Event "Chigorin Memorial 22nd"]
[Site "St Petersburg"]
[Date "2014.10.21"]
[Round "4"]
[White "Sarana, Alexey"]
[Black "Klevets, Ksenia"]
[Result "1-0"]
[WhiteElo "2411"]
[BlackElo "1850"]
[PlyCount "53"]
[EventDate "2014.10.18"]
[EventType "swiss"]
[EventRounds "9"]
[EventCountry "RUS"]
[SourceTitle "EXT 2015"]
[Source "ChessBase"]
[SourceDate "2014.11.20"]
[SourceVersion "1"]
[SourceVersionDate "2014.11.20"]
[SourceQuality "1"]

1. c4 e5 2. Nc3 Nf6 3. Nf3 Nc6 4. a3 d5 5. cxd5 Nxd5 6. Qc2 Be7 7. e3 a6 8. b4 Nxc3 9. dxc3 Be6 10. Bd3 g6 11. 0-0 0-0 12. e4 Bf6 13. Be3 Re8 14. Rfd1 Qc8 15. Qe2 Bg7 16. Ng5 h6 17. Nxe6 Qxe6 18. Bc4 Qf6 19. Rd7 Re7 20. Rd3 b6 21. Rad1 g5 22. a4 a5 23. b5 Na7 24. Bc1 Bf8 25. Ba3 Re6 26. Bxe6 Qxe6 27. Rd8 1-0

[Event "Chigorin Memorial 21st"]
[Site "St Petersburg"]
[Date "2013.10.13"]
[Round "9"]
[White "Klevets, Ksenia"]
[Black "Sorokina, Svetlana Vitalievna"]
[Result "1/2-1/2"]
[WhiteElo "1872"]
[BlackElo "1716"]
[PlyCount "96"]
[EventDate "2013.10.05"]
[EventType "swiss"]
[EventRounds "9"]
[EventCountry "RUS"]
[SourceTitle "CBM 156 Extra"]
[Source "ChessBase"]
[SourceDate "2013.10.22"]
[SourceVersion "1"]
[SourceVersionDate "2013.10.22"]
[SourceQuality "1"]

1. e4 c5 2. Nf3 e6 3. d3 Nc6 4. Nbd2 Qc7 5. g3 Be7 6. Bg2 Nf6 7. 0-0 d5 8. Re1 0-0 9. e5 Nd7 10. Qe2 b5 11. h4 f6 12. exf6 Nxf6 13. Bh3 e5 14. Bxc8 Raxc8 15. Nxe5 Nxe5 16. Qxe5 Bd6 17. Qg5 Rfe8 18. Rxe8+ Rxe8 19. Nf3 Qf7 20. Qf5 g6 21. Qh3 Nh5 22. Qg2 Re2 23. Ng5 Re1+ 24. Kh2 Qf5 25. Qf3 Qxf3 26. Nxf3 Re2 27. Kg1 c4 28. Bd2 Bc5 29. Rf1 Nxg3 30. d4 Bxd4 31. Nxd4 Nxf1 32. Nxe2 Nxd2 33. Nc3 Nf3+ 34. Kf1 Nd4 35. Nxd5 Nxc2 36. Ke2 Kf7 37. Kd2 Ke6 38. Nc7+ Kd6 39. Nxb5+ Kc5 40. Nxa7 Nb4 41. a3 Nd3 42. Kc2 Nxf2 43. Nc8 Ne4 44. Ne7 Ng3 45. Kc3 Ne4+ 46. Kc2 g5 47. hxg5 Nxg5 48. b3 cxb3+ 1/2-1/2

[Event "Chigorin Memorial 21st"]
[Site "St Petersburg"]
[Date "2013.10.10"]
[Round "6"]
[White "Klevets, Ksenia"]
[Black "Potapova, Tatiana"]
[Result "1-0"]
[WhiteElo "1872"]
[BlackElo "1636"]
[PlyCount "47"]
[EventDate "2013.10.05"]
[EventType "swiss"]
[EventRounds "9"]
[EventCountry "RUS"]
[SourceTitle "CBM 156 Extra"]
[Source "ChessBase"]
[SourceDate "2013.10.22"]
[SourceVersion "1"]
[SourceVersionDate "2013.10.22"]
[SourceQuality "1"]

1. e4 d6 2. d4 Nf6 3. Nc3 g6 4. Nge2 Bg7 5. g3 c6 6. a4 Nbd7 7. Bg2 0-0 8. h3 e5 9. Be3 Qc7 10. 0-0 Re8 11. g4 Nb6 12. b3 a5 13. Qd2 Bh8 14. Rad1 Ra6 15. Ng3 Qe7 16. Rfe1 Nfd7 17. f4 f6 18. d5 cxd5 19. Nxd5 Nxd5 20. Qxd5+ Qe6 21. Qxe6+ Rxe6 22. Bf1 Ra8 23. Bc4 Nc5 24. f5 1-0

[Event "Chigorin Memorial 21st"]
[Site "St Petersburg"]
[Date "2013.10.08"]
[Round "4"]
[White "Klevets, Ksenia"]
[Black "Petrochenko, Maria"]
[Result "0-1"]
[WhiteElo "1872"]
[BlackElo "1759"]
[PlyCount "82"]
[EventDate "2013.10.05"]
[EventType "swiss"]
[EventRounds "9"]
[EventCountry "RUS"]
[SourceTitle "CBM 156 Extra"]
[Source "ChessBase"]
[SourceDate "2013.10.22"]
[SourceVersion "1"]
[SourceVersionDate "2013.10.22"]
[SourceQuality "1"]

1. e4 c5 2. b3 Nc6 3. Bb2 e6 4. Nf3 Nf6 5. e5 Nd5 6. c4 Nc7 7. d4 cxd4 8. Nxd4 Bb4+ 9. Nd2 Nxd4 10. Bxd4 0-0 11. a3 Be7 12. Be2 d6 13. 0-0 d5 14. Bf3 b6 15. Bb2 Bb7 16. Qe2 Qb8 17. Rfd1 Rd8 18. Rac1 Bg5 19. Rb1 Rc8 20. cxd5 Bxd2 21. d6 Bxf3 22. Qxf3 Bg5 23. h4 Bh6 24. g4 g6 25. g5 Bg7 26. dxc7 Qxc7 27. Rbc1 Qe7 28. Rc3 Rd8 29. Rcd3 Rac8 30. a4 Bf8 31. Ba3 Rxd3 32. Rxd3 Qxa3 33. Rd7 Be7 34. Rxa7 Qc5 35. Qb7 Kf8 36. b4 Qc1+ 37. Kh2 Qf4+ 38. Kh3 Qf5+ 39. Kh2 Qxe5+ 40. Kg2 Qd5+ 41. Kh2 Bd6+ 0-1

[Event "Chigorin Memorial 21st"]
[Site "St Petersburg"]
[Date "2013.10.06"]
[Round "2"]
[White "Klevets, Ksenia"]
[Black "Ustinov, Alexey"]
[Result "1/2-1/2"]
[WhiteElo "1872"]
[BlackElo "2125"]
[PlyCount "143"]
[EventDate "2013.10.05"]
[EventType "swiss"]
[EventRounds "9"]
[EventCountry "RUS"]
[SourceTitle "CBM 156 Extra"]
[Source "ChessBase"]
[SourceDate "2013.10.22"]
[SourceVersion "1"]
[SourceVersionDate "2013.10.22"]
[SourceQuality "1"]

1. e4 d5 2. exd5 Qxd5 3. Nc3 Qa5 4. d4 Nf6 5. Nf3 Bg4 6. h3 Bh5 7. g4 Bg6 8. Ne5 e6 9. Nc4 Qa6 10. Bd2 Bb4 11. f3 Nbd7 12. Nb5 Bxd2+ 13. Qxd2 Nd5 14. Ncd6+ cxd6 15. Nc7+ Nxc7 16. Bxa6 Nxa6 17. c4 Rc8 18. b3 Kd8 19. Qa5+ Ke7 20. 0-0-0 Nb6 21. Rd2 Kd7 22. f4 Be4 23. Re1 d5 24. c5 Rc7 25. Kb2 Nc8 26. Qb5+ Kd8 27. c6 Nd6 28. Qa5 Kc8 29. Rc1 Kb8 30. cxb7 Rxc1 31. Kxc1 Nc7 32. Qc5 Rd8 33. Kb2 Na6 34. Qa5 Nc7 35. Rd1 Nxb7 36. Qb4 Rd6 37. Rc1 Kc8 38. Qc3 Rd7 39. Qc6 Bd3 40. Rc3 Bg6 41. b4 f6 42. Qxe6 Bf7 43. Qc6 Re7 44. a4 Kb8 45. Rc1 Be8 46. Qc2 Nd6 47. Qc5 Nc8 48. Kb3 Re3+ 49. Kb2 Re2+ 50. Kb3 Re3+ 51. Rc3 Rxc3+ 52. Qxc3 Nb6 53. b5 h5 54. Qc5 hxg4 55. hxg4 Bd7 56. Qf8+ Ne8 57. Kb4 Nc4 58. Qf7 Kc8 59. Qxd5 Nb6 60. Qc5+ Kb7 61. a5 Nc8 62. a6+ Kb8 63. Qd5 Ncd6 64. Ka5 Bxb5 65. g5 Bxa6 66. gxf6 gxf6 67. Qe6 Bb5 68. d5 f5 69. Qe7 Bc4 70. Qd8+ Kb7 71. Qd7+ Kb8 72. Qd8+ 1/2-1/2

[Event "Chepukaitis Memorial blitz prelim"]
[Site "St Petersburg"]
[Date "2013.09.07"]
[Round "1"]
[White "Moiseenko, Vadim"]
[Black "Klevets, Ksenia"]
[Result "1-0"]
[WhiteElo "2465"]
[BlackElo "1872"]
[PlyCount "30"]
[EventDate "2013.09.07"]
[EventType "swiss (blitz)"]
[EventRounds "11"]
[EventCountry "RUS"]
[SourceTitle "CBM 156 Extra"]
[Source "ChessBase"]
[SourceDate "2013.10.22"]
[SourceVersion "1"]
[SourceVersionDate "2013.10.22"]
[SourceQuality "1"]

1. d4 d5 2. Nf3 Nf6 3. e3 Bg4 4. c4 c6 5. cxd5 cxd5 6. Qb3 Qb6 7. Ne5 Be6 8. Bb5+ Nbd7 9. Nc3 a6 10. Nxd7 Bxd7 11. Nxd5 Qd6 12. Bxd7+ Qxd7 13. Nb6 Qd8 14. Nxa8 Qxa8 15. Bd2 Qd8 1-0